Progressive Fast Typing - Statistics

General Stats
  • This quiz has been taken 166 times
  • The average score is 12 of 15
Answer Stats
Length Word Type % Correct
3 log log
100%
2 me me
100%
4 know know
99%
5 leash leash
98%
7 popular popular
98%
8 teenager teenager
98%
6 window window
98%
9 migration migration
97%
10 prevalence prevalence
91%
11 coincidence coincidence
86%
12 intelligence intelligence
76%
13 preoccupation preoccupation
65%
14 constitutional constitutional
47%
15 confidentiality confidentiality
30%
16 extraterrestrial extraterrestrial
14%
No matching quizzes found
Score Distribution
Percent of People with Each Score
Percentile by Number Answered
Your Score History
You have not taken this quiz